[Event "Mecklenburg VP Landesliga West 1920"]
[Site "Mecklenburg VP"]
[Date "2020.03.01"]
[Round "7.7"]
[White "Emmrich, Olaf"]
[Black "Reznik, Leonid"]
[Result "1/2-1/2"]
[WhiteElo "1896"]
[BlackElo "1994"]
[PlyCount "47"]
[EventDate "2019.09.29"]
[EventType "team-tourn"]
[EventRounds "9"]
[EventCountry "GER"]
[SourceTitle "EXT 2023"]
[Source "ChessBase"]
[SourceDate "2022.10.05"]
[SourceVersion "1"]
[SourceVersionDate "2022.10.05"]
[SourceQuality "1"]
[WhiteTeam "Ludwigslust"]
[BlackTeam "Rostock Makkabi"]
[WhiteTeamCountry "GER"]
[BlackTeamCountry "GER"]

1. e4 c5 2. Nf3 a6 3. c3 d5 4. exd5 Qxd5 5. d4 e6 6. Nbd2 Nf6 7. Bc4 Qd8 8. a4 Nc6 9. Nb3 cxd4 10. Nbxd4 Nxd4 11. Qxd4 Qxd4 12. Nxd4 Bc5 13. Be3 Ng4 14. Nc2 Nxe3 15. Nxe3 Bxe3 16. fxe3 Bd7 17. Be2 Bc6 18. Bf3 Rc8 19. Ke2 Ke7 20. Rhd1 e5 21. Bxc6 Rxc6 22. Rd5 f6 23. Rad1 Rc7 24. c4 1/2-1/2

[Event "Mecklenburg VP Landesliga West 1920"]
[Site "Mecklenburg VP"]
[Date "2019.10.20"]
[Round "2.6"]
[White "Prueter, Reinhard"]
[Black "Emmrich, Olaf"]
[Result "0-1"]
[WhiteElo "1563"]
[BlackElo "1896"]
[PlyCount "54"]
[EventDate "2019.09.29"]
[EventType "team-tourn"]
[EventRounds "9"]
[EventCountry "GER"]
[SourceTitle "EXT 2023"]
[Source "ChessBase"]
[SourceDate "2022.10.05"]
[SourceVersion "1"]
[SourceVersionDate "2022.10.05"]
[SourceQuality "1"]
[WhiteTeam "Kuehlungsborn SV Empor"]
[BlackTeam "Ludwigslust"]
[WhiteTeamCountry "GER"]
[BlackTeamCountry "GER"]

1. d4 Nf6 2. Nf3 g6 3. c4 Bg7 4. Nc3 d5 5. e3 c6 6. Be2 Nbd7 7. b4 0-0 8. Rb1 Nb6 9. Ne5 dxc4 10. Nxc4 Nxc4 11. Bxc4 b5 12. Be2 a5 13. Bf3 axb4 14. Bxc6 bxc3 15. Rxb5 Rxa2 16. Qb3 Ra5 17. Qxc3 Rxb5 18. Bxb5 Bb7 19. f3 Nd5 20. Qd2 Nxe3 21. Qxe3 Qa5+ 22. Kf2 Qxb5 23. Qxe7 Bxd4+ 24. Kg3 Re8 25. Qg5 Qe2 26. Qd2 Bf2+ 27. Kf4 Qe5+ 0-1

[Event "Mecklenburg VP LL2 West 1415"]
[Site "Mecklenburg VP"]
[Date "2015.04.26"]
[Round "9.8"]
[White "Emmrich, Olaf"]
[Black "Hoerhold, Martin"]
[Result "1/2-1/2"]
[WhiteElo "1785"]
[BlackElo "1572"]
[PlyCount "88"]
[EventDate "2014.09.21"]
[EventType "team-tourn"]
[EventRounds "9"]
[EventCountry "GER"]
[SourceTitle "EXT 2022"]
[Source "ChessBase"]
[SourceDate "2021.10.06"]
[SourceVersion "1"]
[SourceVersionDate "2021.10.06"]
[SourceQuality "1"]
[WhiteTeam "Ludwigslust VT 2000"]
[BlackTeam "Neubrandenburg SG Eintracht II"]
[WhiteTeamCountry "GER"]
[BlackTeamCountry "GER"]

1. e4 d6 2. d4 Nf6 3. Bd3 g6 4. Nf3 Bg7 5. c3 0-0 6. Bf4 Nbd7 7. Nbd2 c5 8. 0-0 Rb8 9. Rc1 Nh5 10. Bg3 Nxg3 11. hxg3 e5 12. dxe5 dxe5 13. Nc4 b5 14. Ne3 c4 15. Bb1 Bb7 16. Qe2 Nc5 17. Rcd1 Qe7 18. Nd5 Bxd5 19. Rxd5 Rfd8 20. Rfd1 Rxd5 21. Rxd5 Rd8 22. Qd1 Rxd5 23. Qxd5 Qc7 24. Bc2 a6 25. Ng5 Nb7 26. b3 Bf6 27. Nf3 cxb3 28. Bxb3 Nd8 29. c4 Qc6 30. cxb5 Qxb5 31. Bc4 Qxd5 32. Bxd5 Kf8 33. Kf1 Ke7 34. Ke2 Ne6 35. Kd3 h6 36. Kc4 Kd6 37. Bxe6 fxe6 38. Nd2 Bd8 39. Kb4 Bc7 40. f3 h5 41. a4 Kc6 42. Nb3 g5 43. g4 h4 44. Kc4 Bb6 1/2-1/2

[Event "Mecklenburg VP LL2 West 1415"]
[Site "Mecklenburg VP"]
[Date "2015.03.15"]
[Round "7.8"]
[White "Emmrich, Olaf"]
[Black "Behnke, Thomas"]
[Result "1-0"]
[WhiteElo "1785"]
[BlackElo "1555"]
[PlyCount "46"]
[EventDate "2014.09.21"]
[EventType "team-tourn"]
[EventRounds "9"]
[EventCountry "GER"]
[SourceTitle "EXT 2022"]
[Source "ChessBase"]
[SourceDate "2021.10.06"]
[SourceVersion "1"]
[SourceVersionDate "2021.10.06"]
[SourceQuality "1"]
[WhiteTeam "Ludwigslust VT 2000"]
[BlackTeam "Kuehlungsborn SV Empor"]
[WhiteTeamCountry "GER"]
[BlackTeamCountry "GER"]

1. e4 e6 2. d4 d5 3. exd5 exd5 4. Bd3 Bd6 5. Nf3 Bg4 6. 0-0 Ne7 7. Re1 Nd7 8. Nbd2 0-0 9. Bxh7+ Kxh7 10. Ng5+ Kg8 11. Qxg4 Nf6 12. Qh3 Ng6 13. Ndf3 Re8 14. Bd2 Nf8 15. Ne5 Bxe5 16. dxe5 Ne4 17. Nxe4 dxe4 18. Bc3 Ng6 19. Rxe4 Qd5 20. Rae1 Rad8 21. Qe3 Nf8 22. Qg3 Ne6 23. h3 Qxa2 1-0

[Event "Mecklenburg VP LL2 West 1314"]
[Site "Mecklenburg VP"]
[Date "2014.04.06"]
[Round "8.7"]
[White "Emmrich, Olaf"]
[Black "Miedeck, Franz"]
[Result "1/2-1/2"]
[WhiteElo "1800"]
[BlackElo "1592"]
[PlyCount "50"]
[EventDate "2013.10.27"]
[EventType "team-tourn"]
[EventRounds "9"]
[EventCountry "GER"]
[SourceTitle "EXT 2022"]
[Source "ChessBase"]
[SourceDate "2021.10.06"]
[SourceVersion "1"]
[SourceVersionDate "2021.10.06"]
[SourceQuality "1"]
[WhiteTeam "Ludwigslust Post SV"]
[BlackTeam "Kuehlungsborn SV Empor"]
[WhiteTeamCountry "GER"]
[BlackTeamCountry "GER"]

1. e4 c5 2. Nf3 d6 3. Bc4 Nf6 4. c3 a6 5. Qe2 b5 6. Bb3 Bb7 7. d3 e6 8. Bg5 Be7 9. Nbd2 Nbd7 10. 0-0 0-0 11. Bc2 e5 12. a4 h6 13. Bxf6 Nxf6 14. axb5 axb5 15. d4 exd4 16. cxd4 c4 17. e5 Nd5 18. Ne4 Rxa1 19. Rxa1 Nb4 20. Bb1 Re8 21. Nc3 Qd7 22. Ra5 Bc6 23. Be4 d5 24. Bb1 Bd8 25. Ra1 Bb6 1/2-1/2

[Event "Mecklenburg VP LL2 West 1213"]
[Site "Mecklenburg VP"]
[Date "2013.03.17"]
[Round "7.7"]
[White "Emmrich, Olaf"]
[Black "Goettsching, Holger"]
[Result "1-0"]
[WhiteElo "1780"]
[BlackElo "1729"]
[PlyCount "89"]
[EventDate "2012.10.14"]
[EventType "team-tourn"]
[EventRounds "9"]
[EventCountry "GER"]
[SourceTitle "EXT 2022"]
[Source "ChessBase"]
[SourceDate "2021.10.06"]
[SourceVersion "1"]
[SourceVersionDate "2021.10.06"]
[SourceQuality "1"]
[WhiteTeam "Ludwigslust Post SV"]
[BlackTeam "Schwerin SF IV"]
[WhiteTeamCountry "GER"]
[BlackTeamCountry "GER"]

1. e4 c5 2. Nf3 Nc6 3. c3 Nf6 4. Qc2 d6 5. d4 e6 6. Bg5 Be7 7. Bd3 0-0 8. e5 dxe5 9. dxe5 c4 10. Bxc4 Nd7 11. Bf4 b6 12. Bd3 h6 13. Be4 Bb7 14. Nbd2 Rc8 15. Bxc6 Bxc6 16. 0-0 Qc7 17. Rfe1 Ba8 18. Ne4 Qb7 19. Rad1 Rfd8 20. Re2 Nf8 21. Nd6 Bxd6 22. Rxd6 g5 23. Be3 Qa6 24. Red2 Rxd6 25. exd6 Bxf3 26. gxf3 Qxa2 27. Qe4 Qa6 28. Bd4 Qb5 29. Bf6 Nd7 30. Be7 Qc6 31. Qe3 a5 32. h4 Qb5 33. hxg5 hxg5 34. Bxg5 Kh7 35. Rd4 Rg8 36. Rh4+ Kg6 37. Be7 Kf5+ 38. Rg4 Rxg4+ 39. fxg4+ Kg6 40. Qe4+ Kg7 41. g5 Qxb2 42. Qd4+ Kg6 43. Qh8 Qb1+ 44. Kh2 Qf5 45. Qh6# 1-0

[Event "Mecklenburg VP LL2 West 1112"]
[Site "Mecklenburg VP"]
[Date "2012.03.18"]
[Round "8.6"]
[White "Emmrich, Olaf"]
[Black "Schmidt, Wolfgang"]
[Result "1/2-1/2"]
[WhiteElo "1780"]
[BlackElo "1661"]
[PlyCount "104"]
[EventDate "2011.10.02"]
[EventType "team-tourn"]
[EventRounds "9"]
[EventCountry "GER"]
[SourceTitle "EXT 2022"]
[Source "ChessBase"]
[SourceDate "2021.10.06"]
[SourceVersion "1"]
[SourceVersionDate "2021.10.06"]
[SourceQuality "1"]
[WhiteTeam "Ludwigslust Post SV"]
[BlackTeam "Schwerin SF III"]
[WhiteTeamCountry "GER"]
[BlackTeamCountry "GER"]

1. e4 e6 2. d4 d5 3. exd5 exd5 4. Bd3 Nf6 5. Nf3 Bg4 6. 0-0 Be7 7. c3 c6 8. Bg5 Nbd7 9. Nbd2 0-0 10. Qc2 h6 11. Bh4 Qc7 12. Bg3 Bd6 13. Rfe1 Rae8 14. Bxd6 Qxd6 15. h3 Bxf3 16. Nxf3 Rxe1+ 17. Rxe1 Re8 18. Rxe8+ Nxe8 19. Qb3 b6 20. c4 Nef6 21. cxd5 cxd5 22. Qc2 g5 23. Bf5 Kg7 24. Qa4 Qc7 25. Qd1 Qf4 26. Bxd7 Nxd7 27. g3 Qe4 28. Kf1 Nf6 29. a3 g4 30. hxg4 Qxg4 31. Kg2 Qe4 32. Qd2 Ng4 33. Qe1 Qc2 34. Ne5 Nf6 35. b4 Qb2 36. Qe3 Qc2 37. Qf4 Qe2 38. Qf3 Qa2 39. Qe3 Qc2 40. Nd3 Qa2 41. Qe7 Qc2 42. Nf4 Qe4+ 43. Qxe4 dxe4 44. Kf1 Ng4 45. Ke2 f5 46. f3 exf3+ 47. Kxf3 Kf6 48. Ke2 Ke7 49. Kd3 Kd6 50. Kc4 Ne3+ 51. Kd3 Nd5 52. Ng6 b5 1/2-1/2

[Event "Mecklenburg VP LL2 West 1011"]
[Site "Mecklenburg VP"]
[Date "2010.10.24"]
[Round "2.6"]
[White "Emmrich, Olaf"]
[Black "Prueter, Reinhard"]
[Result "1/2-1/2"]
[WhiteElo "1782"]
[BlackElo "1623"]
[PlyCount "72"]
[EventDate "2010.10.10"]
[EventType "team-tourn"]
[EventRounds "9"]
[EventCountry "GER"]
[SourceTitle "EXT 2022"]
[Source "ChessBase"]
[SourceDate "2021.10.06"]
[SourceVersion "1"]
[SourceVersionDate "2021.10.06"]
[SourceQuality "1"]
[WhiteTeam "Ludwigslust Post SV"]
[BlackTeam "Kuehlungsborn SV Empor"]
[WhiteTeamCountry "GER"]
[BlackTeamCountry "GER"]

1. e4 d6 2. d4 g6 3. Nf3 Bg7 4. Bd3 Bg4 5. c3 Nf6 6. Bg5 0-0 7. Nbd2 Nbd7 8. h3 Bxf3 9. Nxf3 c5 10. 0-0 cxd4 11. cxd4 Qb6 12. e5 dxe5 13. dxe5 Nd5 14. Bc4 e6 15. Bxd5 exd5 16. Qxd5 Nb8 17. Rfe1 Nc6 18. Rad1 h6 19. Be3 Qa6 20. Qb3 Rad8 21. e6 fxe6 22. Qxe6+ Kh7 23. Rxd8 Rxd8 24. Nh4 Qd3 25. Qf7 Rd7 26. Qb3 Qxb3 27. axb3 Bxb2 28. Rb1 Bf6 29. Nf3 a6 30. Kf1 Kg7 31. Ke2 Nb4 32. Rd1 Rxd1 33. Kxd1 Nd5 34. Ke2 g5 35. Kd3 b5 36. g3 Kf7 1/2-1/2

[Event "Mecklenburg VP LL 0910"]
[Site "Mecklenburg VP"]
[Date "2010.04.11"]
[Round "9.6"]
[White "Gareis, Roberto"]
[Black "Emmrich, Olaf"]
[Result "1-0"]
[WhiteElo "1870"]
[BlackElo "1810"]
[PlyCount "59"]
[EventDate "2009.10.18"]
[EventType "team-tourn"]
[EventRounds "9"]
[EventCountry "GER"]
[SourceTitle "EXT 2016"]
[Source "ChessBase"]
[SourceDate "2015.10.08"]
[SourceVersion "1"]
[SourceVersionDate "2015.10.08"]
[SourceQuality "1"]
[WhiteTeam "Rostock Uni"]
[BlackTeam "Ludwigslust Post SV"]
[WhiteTeamCountry "GER"]
[BlackTeamCountry "GER"]

1. d4 Nf6 2. Bg5 e6 3. e3 Be7 4. Bd3 d5 5. Nd2 Nbd7 6. Ngf3 c5 7. c3 c4 8. Bc2 b5 9. e4 dxe4 10. Nxe4 Bb7 11. Qe2 Nd5 12. Nd6+ Bxd6 13. Bxd8 Rxd8 14. g3 N5f6 15. 0-0 0-0 16. Ng5 Nb6 17. Ne4 Nxe4 18. Bxe4 Nd5 19. a3 a6 20. Rae1 Bc8 21. f4 f5 22. Bf3 Rf6 23. Bxd5 exd5 24. Qf3 Bf8 25. Re5 Be6 26. Rfe1 Kf7 27. Qh5+ g6 28. Qxh7+ Bg7 29. Rxe6 Rxe6 30. Rxe6 1-0

[Event "Mecklenburg VP LL 0910"]
[Site "Mecklenburg VP"]
[Date "2009.12.13"]
[Round "4.8"]
[White "Manke, Karsten"]
[Black "Emmrich, Olaf"]
[Result "0-1"]
[WhiteElo "1759"]
[BlackElo "1810"]
[PlyCount "62"]
[EventDate "2009.10.18"]
[EventType "team-tourn"]
[EventRounds "9"]
[EventCountry "GER"]
[SourceTitle "EXT 2016"]
[Source "ChessBase"]
[SourceDate "2015.10.08"]
[SourceVersion "1"]
[SourceVersionDate "2015.10.08"]
[SourceQuality "1"]
[WhiteTeam "Stralsund FHSG"]
[BlackTeam "Ludwigslust Post SV"]
[WhiteTeamCountry "GER"]
[BlackTeamCountry "GER"]

1. e4 d6 2. d4 Nf6 3. Nc3 c6 4. a4 Nbd7 5. Nf3 e5 6. Bc4 Be7 7. h3 0-0 8. 0-0 Qc7 9. Re1 Re8 10. Bg5 Nf8 11. Qd2 Be6 12. Bd3 a6 13. a5 c5 14. d5 Bd7 15. Na4 Bxa4 16. Rxa4 Nh5 17. Kh2 Bxg5 18. Qxg5 Nf4 19. Bf1 h6 20. Qg4 Nd7 21. g3 Nf6 22. Qf5 Qe7 23. Nxe5 dxe5 24. d6 Qxd6 25. gxf4 Qc6 26. fxe5 Qxa4 27. exf6 Qd4 28. e5 g6 29. Qf3 Rxe5 30. c3 Qd6 31. Rd1 Rd5+ 0-1

[Event "Mecklenburg VP LL 0910"]
[Site "Mecklenburg VP"]
[Date "2009.11.15"]
[Round "2.7"]
[White "Emmrich, Olaf"]
[Black "Daug, Joern Henning"]
[Result "1/2-1/2"]
[WhiteElo "1810"]
[BlackElo "1780"]
[PlyCount "67"]
[EventDate "2009.10.18"]
[EventType "team-tourn"]
[EventRounds "9"]
[EventCountry "GER"]
[SourceTitle "EXT 2016"]
[Source "ChessBase"]
[SourceDate "2015.10.08"]
[SourceVersion "1"]
[SourceVersionDate "2015.10.08"]
[SourceQuality "1"]
[WhiteTeam "Ludwigslust Post SV"]
[BlackTeam "Grevesmuehlen Blau Weiss"]
[WhiteTeamCountry "GER"]
[BlackTeamCountry "GER"]

1. e4 c5 2. Nf3 Nc6 3. c3 d5 4. e5 Bg4 5. Bb5 Qb6 6. Qe2 a6 7. Bxc6+ Qxc6 8. d3 e6 9. Nbd2 Ne7 10. h3 Bh5 11. 0-0 Nc8 12. Nb3 Be7 13. Be3 h6 14. d4 c4 15. Nbd2 g5 16. Rfc1 b5 17. Nf1 Nb6 18. Ng3 Bg6 19. Qd2 Kd7 20. Ne1 Rag8 21. Ne2 Qc8 22. Kh2 Qb8 23. g3 Qf8 24. Ng2 Qg7 25. Rg1 Be4 26. Ne1 g4 27. h4 Qg6 28. Nf4 Qg7 29. Neg2 Qf8 30. b3 Qc8 31. Qb2 Qc6 32. Rge1 Rc8 33. Rec1 h5 34. b4 1/2-1/2

[Event "Mecklenburg VP LL 0809"]
[Site "Mecklenburg VP"]
[Date "2009.01.18"]
[Round "5.7"]
[White "Parashchenko, Oleg"]
[Black "Emmrich, Olaf"]
[Result "1-0"]
[WhiteElo "1858"]
[BlackElo "1826"]
[PlyCount "65"]
[EventDate "2008.10.05"]
[EventType "team-tourn"]
[EventRounds "9"]
[EventCountry "GER"]
[SourceTitle "EXT 2022"]
[Source "ChessBase"]
[SourceDate "2021.10.06"]
[SourceVersion "1"]
[SourceVersionDate "2021.10.06"]
[SourceQuality "1"]
[WhiteTeam "Greifswald II"]
[BlackTeam "Ludwigslust Post SV"]
[WhiteTeamCountry "GER"]
[BlackTeamCountry "GER"]

1. e4 Nf6 2. e5 Nd5 3. c4 Nb6 4. c5 Nd5 5. d4 e6 6. Nc3 d6 7. cxd6 cxd6 8. Nf3 Nc6 9. Nxd5 exd5 10. Bf4 dxe5 11. Nxe5 Nxe5 12. dxe5 Bb4+ 13. Bd2 Bxd2+ 14. Qxd2 0-0 15. Bd3 Re8 16. f4 f6 17. Qc2 h6 18. 0-0 Be6 19. f5 Bf7 20. e6 Bh5 21. Kh1 Re7 22. Rac1 Be8 23. Qc5 b6 24. Qc3 Rb8 25. Rc2 b5 26. Rfc1 Kh7 27. Qd4 Rb6 28. Rc5 Rd6 29. Qg4 h5 30. Qh4 Qa5 31. Bxb5 Bxb5 32. Qxh5+ Kg8 33. Rxb5 1-0